000 00801nam a2200241Ia 4500
003 OSt
005 20220923220312.0
006 a|||||r|||| 00| 0
007 ta
008 220922b |||||||| |||| 00| 0 hin d
024 _a185,820
037 _cTextual
040 _aARTS
_cARTS
_bhin
041 _2hin
_ahin
082 _aY15:342.2, 152M4
100 _aवोहरा, आशा रानी, संपा.
_9160210
245 0 _aजब मैं सोलह साल की थी
246 _aJab maian solah sāl kī thī
260 _aदिल्ली
_b अलंकार प्रकाशन
_c1984
300 _a212 पृ.
_ccm.
942 _hY15:342.2, 152M4
_cTEXL
_2CC
999 _c339066
_d339066